Catalog

Record Details

Catalog Search



The rising sea : NUMA Files Cover Image Book Book

The rising sea : NUMA Files/ Clive Cussler and Graham Brown.

Summary:

An alarming rise in the world's sea levels--much larger than could be accounted for by glacier melt--sends Kurt Austin, Joe Zavala, and the rest of the NUMA scientific team rocketing around the globe in search of answers. What they find at the bottom of the East China Sea, however, is even worse than they imagined: a diabolical plan to upset the Pacific balance of power--and in the process displace as many as a billion people. A rare alloy unlike anything else on earth, a pair of five-hundred-year-old Japanese talismans, an assassin so violent even the Yakuza has disowned him, an audacious technological breakthrough that will become a very personal nightmare for Kurt Austin - from the shark-filled waters of Asia to the high-tech streets of Tokyo to a forbidden secret island, the NUMA team must risk everything to head off the coming catastrophe.

Record details

  • ISBN: 9780735215535
  • ISBN: 0735215537
  • Physical Description: 406 pages ; 24 cm.
  • Publisher: New York : G.P. Putnam's Sons, an imprint of Penguin Random House LLC, ©2018.
Subject: Austin, Kurt (Fictitious character) > Fiction.
Marine scientists > Fiction.
Ocean > Fiction.
Genre: Action and adventure fiction.
Thrillers (Fiction)
Suspense fiction.

Available copies

  • 1 of 1 copy available at scottsboropl.

Holds

  • 0 current holds with 1 total copy.
Show All Copies
Location Call Number / Copy Notes Barcode Shelving Location Status Due Date
scottsboropl F Cus 32269001048571 Adult - Fiction Available -

LDR 02208cam a22003858i 4500
001146019
003SBPL
00520200427131050.0
008170725t20182018nyu e 000 1 eng
010 . ‡a 2017033074
020 . ‡a9780735215535 ‡q(hardcover)
020 . ‡a0735215537 ‡q(hardcover)
035 . ‡a(CONS)146019
035 . ‡a(OCoLC)995162376 ‡z(OCoLC)991184485 ‡z(OCoLC)1025334110 ‡z(OCoLC)1027698686 ‡z(OCoLC)1027752384 ‡z(OCoLC)1028564300 ‡z(OCoLC)1029827246 ‡z(OCoLC)1109773499
05000. ‡aPS3553.U75 ‡bR57 2018
08200. ‡a813/.6 ‡223
1001 . ‡aCussler, Clive, ‡d1931-2020,: ‡eauthor.
24514. ‡aThe rising sea : ‡bNUMA Files/ ‡cClive Cussler and Graham Brown.
264 1. ‡aNew York : ‡bG.P. Putnam's Sons, an imprint of Penguin Random House LLC, ‡c©2018.
300 . ‡a406 pages ; ‡c24 cm.
336 . ‡atext ‡btxt ‡2rdacontent
337 . ‡aunmediated ‡bn ‡2rdamedia
338 . ‡avolume ‡bnc ‡2rdacarrier
4900 . ‡aNUMA files ; ‡vBk 15
4901 . ‡aKurt Austin adventures
520 . ‡aAn alarming rise in the world's sea levels--much larger than could be accounted for by glacier melt--sends Kurt Austin, Joe Zavala, and the rest of the NUMA scientific team rocketing around the globe in search of answers. What they find at the bottom of the East China Sea, however, is even worse than they imagined: a diabolical plan to upset the Pacific balance of power--and in the process displace as many as a billion people. A rare alloy unlike anything else on earth, a pair of five-hundred-year-old Japanese talismans, an assassin so violent even the Yakuza has disowned him, an audacious technological breakthrough that will become a very personal nightmare for Kurt Austin - from the shark-filled waters of Asia to the high-tech streets of Tokyo to a forbidden secret island, the NUMA team must risk everything to head off the coming catastrophe.
60010. ‡aAustin, Kurt ‡c(Fictitious character) ‡vFiction.
650 0. ‡aMarine scientists ‡vFiction.
650 0. ‡aOcean ‡vFiction.
655 7. ‡aAction and adventure fiction. ‡2lcgft
655 7. ‡aThrillers (Fiction) ‡2lcgft
655 7. ‡aSuspense fiction. ‡2gsafd
7001 . ‡aBrown, Graham, ‡d1969-: ‡eauthor.
8000 . ‡aNUMA files ; ‡vBk 15
8301 . ‡aCussler, Clive. ‡tKurt Austin adventures.
901 . ‡a146019 ‡bUnknown ‡c146019 ‡tbiblio

Additional Resources